000 00492nam a2200169Ia 4500
999 _c22843
_d22843
003 OSt
005 20240112121051.0
008 190216s9999||||xx |||||||||||||| ||und||
040 _coclc
082 _a297
_bMOU/I
100 _aMoulavi, Mohammed Amani
_97798
245 0 _aIslamika Jeevitham /
_cMuhammed Amani Moulavi
260 _bAl Huda Book Stall,
_c2009.
_aKozhikode:
300 _a495p
650 _aIslamic History
942 _cBK
_2ddc
_h297
_iMOU/I
_k297
_mMOU/I